000 00904nam a2200229 a 4500
001 BRCA_4886
005 20190320204838.0
008 210910m1928----enka######---#000-0#eng-#
041 _aeng
044 _aenk
050 4 _aNK1125
_b.H36 2 1928
100 1 _aHanchant, W. L.
_911453
245 1 0 _aThe Book of Antiques
_ba collection of authoritative articles on various aspects of antique collecting written for the information and delight of both the professional and amateur collector and ilustrated by many photographs never before published
_cthe whole collected and edited by W. L. Hanchant.
260 _aLondres
_bArts and Crafts
_c1928
300 _a143 p. (v.1)
_bil.
_c25 cm.
500 _aIncluye directorio clasificado y tabla de ilustraciones
500 _aVer tambiƩn D3 (v.2)
500 _aD4
650 1 4 _aArte
_xColeccionistas y colecciones
_97445
902 _aGFM
942 _2lcc
_cB
999 _c4580
_d4580